LotR: Boromir Quotes: Fill in the Blanks - Statistics

General Stats
  • This quiz has been taken 31 times
  • The average score is 3 of 8
Answer Stats
Answer % Correct
"Farewell, Aragorn! Go to Minas Tirith and save my people! I have {failed}."
90%
"To enter {Moria} would be to walk into a trap, hardly better than knocking at the gates of the Dark Tower itself."
59%
"The fearless, the ruthless, these alone will achieve victory. What could not a warrior do in this hour, a great leader? What could not Aragorn do? Or if he refuses, why not {Boromir}?"
55%
"When heads are at a loss {bodies} must serve, as we say in my country."
38%
"It is not the way of the men of Minas Tirith to {desert} their friends at need."
28%
"Where there are so many, all speech becomes a debate without end. But two together may perhaps find {wisdom}."
21%
"I tried to take the Ring from Frodo. I am sorry. I have {paid}."
10%
"We of Minas Tirith have been {staunch} through long years of trial. We do not desire the power of wizard-lords, only strength to defend ourselves, strength in a just cause."
3%
No matching quizzes found
Score Distribution
Percent of People with Each Score
Percentile by Number Answered
Your Score History
You have not taken this quiz